000 00390nam a22001577a 4500
999 _c10889
_d10889
003 OSt
008 201119b ||||| |||| 00| 0 eng d
020 _a 9788170247319
100 _aTYAGI, Anita
245 _aTraditional Indian Textiles
250 _a1st
260 _aNew Delhi
_bSonali
_c2016
300 _a248
650 _aBachelor of Fashion and Apparel Design
942 _2ddc
_cBK
_01